All Pokémon used by important Johto trainers - Statistics

General Stats
  • This quiz has been taken 48 times
    18 since last reset
  • The average score is 123 of 138
Answer Stats
Trainer Games Pokémon % Correct
Silver GSC, HGSS Alakazam
100%
Silver GSC (Conditionally), HGSS (Conditionally) Bayleef
100%
Silver GSC (Conditionally), HGSS (Conditionally) Chikorita
100%
Elm GSC (Possible gift), HGSS (Possible gift) Chikorita
100%
Whitney HGSS (Rematch only), B2W2 Clefable
100%
Whitney GSC, HGSS Clefairy
100%
Silver GSC (Conditionally), HGSS (Conditionally) Croconaw
100%
Silver GSC (Conditionally), HGSS (Conditionally) Cyndaquil
100%
Elm GSC (Possible gift), HGSS (Possible gift) Cyndaquil
100%
Pryce GSC, HGSS, B2W2 Dewgong
100%
Clair GSC Dragonair
100%
Clair GSC, HGSS Dragonair
100%
Clair GSC, HGSS Dragonair
100%
Clair HGSS (Rematch only), B2W2 Dragonite
100%
Morty HGSS (Rematch only), B2W2 Dusknoir
100%
Will GSC, HGSS Exeggutor
100%
Silver GSC (Conditionally), HGSS (Conditionally) Feraligatr
100%
Morty B2W2 Froslass
100%
Pryce HGSS (Rematch only) Froslass
100%
Morty GSC, HGSS Gastly
100%
Silver GSC, HGSS Gastly
100%
Morty GSC, HGSS, B2W2 Gengar
100%
Morty HGSS (Rematch only) Gengar
100%
Karen GSC, HGSS Gengar
100%
Silver GSC, HGSS Gengar
100%
Whitney HGSS (Rematch only) Girafarig
100%
Morty GSC, HGSS Haunter
100%
Morty GSC, HGSS Haunter
100%
Silver GSC, HGSS Haunter
100%
Eusine Crystal, HGSS Haunter
100%
Bugsy HGSS (Rematch only), B2W2 Heracross
100%
Falkner HGSS (Rematch only), B2W2 Honchkrow
100%
Karen HGSS (Rematch only) Honchkrow
100%
Karen GSC, HGSS Houndoom
100%
Bugsy GSC, HGSS Kakuna
100%
Clair GSC, HGSS, B2W2 Kingdra
100%
Pryce B2W2 Lapras
100%
Chuck B2W2 Machamp
100%
Jasmine GSC, HGSS Magnemite
100%
Jasmine GSC, HGSS Magnemite
100%
Silver GSC, HGSS Magnemite
100%
Silver GSC, HGSS Magneton
100%
Jasmine HGSS (Rematch only), B2W2 Magnezone
100%
Pryce HGSS (Rematch only), B2W2 Mamoswine
100%
Silver GSC (Conditionally), HGSS (Conditionally) Meganium
100%
Bugsy GSC, HGSS Metapod
100%
Whitney GSC, HGSS, B2W2 Miltank
100%
Morty HGSS (Rematch only), B2W2 Mismagius
100%
Karen GSC, HGSS Murkrow
100%
Falkner HGSS (Rematch only), B2W2 Pidgeot
100%
Falkner GSC, HGSS Pidgeotto
100%
Falkner GSC, HGSS Pidgey
100%
Pryce GSC, HGSS Piloswine
100%
Chuck GSC, HGSS, B2W2 Poliwrath
100%
Chuck GSC, HGSS, B2W2 Primeape
100%
Silver GSC (Conditionally), HGSS (Conditionally) Quilava
100%
Bugsy HGSS (Rematch only), B2W2 Scizor
100%
Bugsy GSC, HGSS Scyther
100%
Pryce GSC, HGSS Seel
100%
Jasmine HGSS (Rematch only), B2W2 Skarmory
100%
Silver GSC, HGSS Sneasel
100%
Jasmine GSC, DPPt (Super Contests only), HGSS, B2W2, BDSP (Super Contests only) Steelix
100%
Jasmine HGGS (Traded to the player) Steelix
100%
Whitney B2W2 Tauros
100%
Silver GSC (Conditionally), HGSS (Conditionally) Totodile
100%
Elm GSC (Possible gift), HGSS (Possible gift) Totodile
100%
Silver GSC (Conditionally), HGSS (Conditionally) Typhlosion
100%
Pryce B2W2 Weavile
100%
Karen HGSS (Rematch only) Weavile
100%
Pryce HGSS (Rematch only) Abomasnow
88%
Falkner B2W2 Aerodactyl
88%
Clair HGSS (Rematch only) Aerodactyl
88%
Clair B2W2 Altaria
88%
Morty B2W2 Banette
88%
Whitney B2W2 Blissey
88%
Jasmine HGSS (Rematch only) Bronzong
88%
Will HGSS (Rematch only) Bronzong
88%
Clair HGSS (Rematch only) Charizard
88%
Pryce B2W2 Cloyster
88%
Chuck B2W2 Conkeldurr
88%
Falkner B2W2 Crobat
88%
Silver GSC (Rematch only), HGSS (Rematch only) Crobat
88%
Falkner B2W2 Fearow
88%
Bugsy B2W2 Forretress
88%
Jasmine B2W2 Forretress
88%
Clair B2W2 Garchomp
88%
Will HGSS (Rematch only) Gardevoir
88%
Pryce HGSS (Rematch only) Glalie
88%
Silver GSC, HGSS Golbat
88%
Chuck HGSS (Rematch only), B2W2 Hitmonchan
88%
Chuck HGSS (Rematch only), B2W2 Hitmonlee
88%
Chuck B2W2 Hitmontop
88%
Pryce B2W2 Jynx
88%
Will GSC, HGSS Jynx
88%
Silver GSC, HGSS Kadabra
88%
Chuck HGSS (Rematch only) Medicham
88%
Falkner HGSS (Rematch only), B2W2 Noctowl
88%
Bugsy HGSS (Rematch only), B2W2 Pinsir
88%
Clair B2W2 Salamence
88%
Will GSC, HGSS Slowbro
88%
Falkner HGSS (Rematch only) Staraptor
88%
Falkner HGSS (Rematch only), B2W2 Swellow
88%
Bugsy HGSS (Rematch only) Vespiquen
88%
Karen GSC, HGSS Vileplume
88%
Pryce HGSS (Rematch only) Walrein
88%
Falkner B2W2 Xatu
88%
Will GSC, HGSS Xatu
88%
Will GSC, HGSS Xatu
88%
Silver GSC, HGSS Zubat
88%
Karen HGSS (Rematch only) Absol
75%
Whitney B2W2 Ambipom
75%
Chuck HGSS (Rematch only) Breloom
75%
Morty B2W2 Chandelure
75%
Falkner B2W2 Dodrio
75%
Morty HGSS (Rematch only) Drifblim
75%
Clair B2W2 Druddigon
75%
Eusine Crystal, HGSS Electrode
75%
Clair HGSS Gyarados
75%
Jasmine HGSS (Rematch only), B2W2 Metagross
75%
Morty HGSS (Rematch only), B2W2 Sableye
75%
Bugsy HGSS (Rematch only) Shedinja
75%
Karen HGSS (Rematch only) Spiritomb
75%
Karen GSC, HGSS Umbreon
75%
Whitney B2W2 Wigglytuff
75%
Whitney HGSS (Rematch only) Delcatty
63%
Will HGSS (Rematch only) Grumpig
63%
Whitney HGSS (Rematch only) Lickilicky
63%
Falkner HGSS (Rematch only) Pelipper
63%
Bugsy B2W2 Shuckle
63%
Bugsy HGSS (Rematch only), B2W2 Yanmega
63%
Bugsy B2W2 Armaldo
50%
Whitney HGSS (Rematch only) Bibarel
50%
Jasmine HGSS (Rematch only) Empoleon
50%
Whitney B2W2 Lopunny
50%
Jasmine B2W2 Lucario
50%
Jasmine B2W2 Mawile
50%
Whitney B2W2 Ursaring
50%
Eusine Crystal, HGSS Drowzee
38%
No matching quizzes found
Score Distribution
Percent of People with Each Score
Percentile by Number Answered
Your Score History
You have not taken this quiz since the last reset